Infectious causes of cancer : targets for intervention /

Recent developments, particularly in molecular biology, have produced fresh insights into how cancer relates to infectious agents, novel tools for its diagnosis, exciting possibilities for vaccines, and new targets for therapy. In Infectious Causes of Cancer: Targets for Intervention, James J. Goede...

Full description

Bibliographic Details
Corporate Author: SpringerLink (Online service)
Other Authors: Goedert, James J.
Format: eBook
Language:English
Published: Totowa, N.J. : Humana Press, [2000]
Series:Infectious disease (Totowa, N.J.)
Subjects:
Online Access:Connect to the full text of this electronic book

MARC

Tag First Indicator Second Indicator Subfields
LEADER 00000cam a2200000Ia 4500
001 in00003510213
006 m o d
007 cr cnu---unuuu
008 070910s2000 njuac ob 001 0 eng d
005 20260420220351.8
019 |a 606273393  |a 648272657 
020 |a 9781592590247 (electronic bk.) 
020 |a 1592590241 (electronic bk.) 
020 |z 089603772X (alk. paper) 
020 |z 9780896037724 (alk. paper) 
020 |z 089603722X (alk. paper) 
035 |a (OCoLC)170841671  |z (OCoLC)606273393  |z (OCoLC)648272657 
040 |a N$T  |b eng  |c N$T  |d OCLCQ  |d YDXCP  |d OCLCQ  |d IDEBK  |d E7B  |d OCLCQ  |d OCLCA  |d GW5XE  |d OCLCE  |d OCLCO  |d OCLCF  |d UtOrBLW 
042 |a dlr 
049 |a TXAM 
050 4 |a RC268.57  |b .I54 2000eb 
060 4 |a 2000 F-672 
060 4 |a QZ 200  |b I4343 2000 
072 7 |a MED  |x 062000  |2 bisacsh 
072 7 |a HEA  |x 039030  |2 bisacsh 
082 0 4 |a 616.99/4071  |2 22 
245 0 0 |a Infectious causes of cancer :  |b targets for intervention /  |c edited by James J. Goedert. 
264 1 |a Totowa, N.J. :  |b Humana Press,  |c [2000] 
264 4 |c ©2000 
300 |a 1 online resource (xxvi, 498 pages) :  |b illustrations, portrait 
336 |a text  |b txt  |2 rdacontent 
337 |a computer  |b c  |2 rdamedia 
338 |a online resource  |b cr  |2 rdacarrier 
490 1 |a Infectious disease 
504 |a Includes bibliographical references and index. 
588 |a Description based on print version record. 
520 |a Recent developments, particularly in molecular biology, have produced fresh insights into how cancer relates to infectious agents, novel tools for its diagnosis, exciting possibilities for vaccines, and new targets for therapy. In Infectious Causes of Cancer: Targets for Intervention, James J. Goedert and a team of leading experimental and clinical researchers provide critical, integrating surveys of those viruses, bacteria, and parasites that are now known to play a major role in cancer-work that opens the way toward novel therapeutic targets. The contributors focus on five types of human carcinogenic infection-herpesviruses, retroviruses, papillomaviruses, hepatitis viruses, and H. pylori-and review in depth the associated malignancies, as well as how these new diagnostic and therapeutic technologies may be implemented. Cutting-edge and cross-disciplinary, Infectious Causes of Cancer: Targets for Intervention provides clinical oncologists and infectious disease specialists, as well as clinical researchers, with insightful reviews of cancer induction by infectious diseases and the high promise of closely targeted new therapeutics and vaccines. 
538 |a Master and use copy. Digital master created according to Benchmark for Faithful Digital Reproductions of Monographs and Serials, Version 1. Digital Library Federation, December 2002.  |u http://purl.oclc.org/DLF/benchrepro0212  |5 MiAaHDL 
583 1 |a digitized  |c 2010  |h HathiTrust Digital Library  |l committed to preserve  |2 pda  |5 MiAaHDL 
500 |a Electronic resource. 
650 0 |a Microbial carcinogenesis. 
650 0 |a Cancer  |x Etiology. 
650 1 2 |a Neoplasms  |x etiology. 
650 2 2 |a Helicobacter pylori  |x pathogenicity. 
650 2 2 |a Oncogenic Viruses  |x pathogenicity. 
650 7 |a MEDICAL  |x Oncology.  |2 bisacsh 
650 7 |a HEALTH & FITNESS  |x Diseases  |x Cancer.  |2 bisacsh 
650 7 |a Cancer  |x Etiology.  |2 fast  |0 (OCoLC)fst00845361 
650 7 |a Microbial carcinogenesis.  |2 fast  |0 (OCoLC)fst01019476 
655 7 |a Electronic books.  |2 local 
700 1 |a Goedert, James J. 
710 2 |a SpringerLink (Online service) 
776 1 8 |i Print version:  |t Infectious causes of cancer.  |d Totowa, N.J. : Humana Press, c2000  |z 089603772X  |z 9780896037724  |w (DLC) 99057865  |w (OCoLC)42814236 
830 0 |a Infectious disease (Totowa, N.J.) 
856 4 0 |u http://proxy.library.tamu.edu/login?url=https://link.springer.com/10.1007/978-1-59259-024-7  |z Connect to the full text of this electronic book  |t 0 
994 |a 92  |b TXA 
999 |a MARS 
999 f f |s 1bab7181-9a43-3b58-83de-be9b247de005  |i 60f06803-42c2-3ace-b7c8-ba978a346ac7  |t 0 
952 f f |a Texas A&M University  |b College Station  |c Electronic Resources  |s www_evans  |d Available Online  |t 0  |e RC268.57 .I54 2000eb  |h Library of Congress classification 
998 f f |a RC268.57 .I54 2000eb  |t 0  |l Available Online